ბათუმის შოთა რუსთაველის სახელმწიფო უნივერსიტეტის ბიბლიოთეკა

Literatur um 1900 Naturalismus-Fin de Siecle-Expressionismus : (ბიბ.ჩანაწერი № 58890)

000 -LEADER
fixed length control field 00634nam a22001817a 4500
005 - DATE AND TIME OF LATEST TRANSACTION
control field 20221017103435.0
008 - FIXED-LENGTH DATA ELEMENTS--GENERAL INFORMATION
fixed length control field 221017s2009ge xxu||||| |||| 00| 0 ger d
020 ## - INTERNATIONAL STANDARD BOOK NUMBER
International Standard Book Number 9783050045368
041 ## - LANGUAGE CODE
Language code of text/sound track or separate title ger
080 ## - UNIVERSAL DECIMAL CLASSIFICATION NUMBER
Universal Decimal Classification number 821.112.2 A-90
100 ## - MAIN ENTRY--PERSONAL NAME
Personal name Ajouri, Philip.
9 (RLIN) 15328
245 ## - TITLE STATEMENT
Title Literatur um 1900 Naturalismus-Fin de Siecle-Expressionismus :
Remainder of title (Akademie Studienbücher ; Literaturwissenschaft) /
Statement of responsibility, etc. Philip Ajouri.
264 ## - PRODUCTION, PUBLICATION, DISTRIBUTION, MANUFACTURE, AND COPYRIGHT NOTICE
Place of production, publication, distribution, manufacture Berlin:
Name of producer, publisher, distributor, manufacturer Akademie Verlag,
Date of production, publication, distribution, manufacture, or copyright notice 2009.
300 ## - PHYSICAL DESCRIPTION
Extent 255 p.;
Other physical details 23 cm.
653 ## - INDEX TERM--UNCONTROLLED
keyword ლიტერატურათმცოდნეობა
653 ## - INDEX TERM--UNCONTROLLED
keyword გერმანული
942 ## - ADDED ENTRY ELEMENTS (KOHA)
Source of classification or shelving scheme
Koha item type წიგნი
ეგზემპლარები
Withdrawn status Lost status Source of classification or shelving scheme Damaged status Not for loan Permanent Location Current Location Shelving location Date acquired Cost, normal purchase price Full call number Barcode Date last seen Copy number Price effective from Koha item type Public note
          ბათუმის შოთა რუსთაველის სახელმწიფო უნივერსიტეტის მთავარი ბიბლიოთეკა ბათუმის შოთა რუსთაველის სახელმწიფო უნივერსიტეტის მთავარი ბიბლიოთეკა წიგნსაცავი 2022-10-17 18.00 821.112.2 A-90 63078 2022-10-17 63078 2022-10-17 წიგნი 18ლ.48თ.